| 000 | 00850nab a2200277 4500 | ||
|---|---|---|---|
| 003 | BR-BrBNA | ||
| 005 | 20251021220950.0 | ||
| 008 | 251021b bl.||||| |||| 00| 0 por d | ||
| 040 |
_aBR-BrBNA _bpor |
||
| 072 |
_aN20 ; E13 ; E21 _b4500C |
||
| 100 | _aCosta, Fátima | ||
| 245 |
_aTrator de aluguel _bAgronegócios |
||
| 500 | _a4 illus. | ||
| 650 | _aTRATOR | ||
| 650 | _aMÁQUINA AGRÍCOLA | ||
| 650 | _aIMPLEMENTO AGRÍCOLA | ||
| 650 | _aVEÍCULO | ||
| 650 | _aEQUIPAMENTO AGRÍCOLA | ||
| 650 | _aEMPRESA | ||
| 650 | _aLOGÍSTICA | ||
| 650 | _aALUGUEL | ||
| 650 | _aINVESTIMENTO | ||
| 773 | 0 |
_01706 _9347992 _dSão Paulo-SP Editora Três Ltda - E-mail: luizfsa@revistadinheiro.com.br 2004 _o2025-0487 _tDinheiro Rural (Brazil) _x1807-3700 _gv. 7(83) p. 90-92; (Sep 2011) _wBR2025004555 |
|
| 942 | _cANA | ||
| 999 |
_c338751 _d338751 |
||